The road to the European union
محفوظ في:
| المؤلف الرئيسي: | |
|---|---|
| التنسيق: | كتاب |
| اللغة: | Undetermined |
| منشور في: |
Paris
The Atlantic Institute for International Affairs
1976
|
| الموضوعات: | |
| الوسوم: |
إضافة وسم
لا توجد وسوم, كن أول من يضع وسما على هذه التسجيلة!
|
| Thư viện lưu trữ: | Trung tâm Học liệu Trường Đại học Cần Thơ |
|---|
| LEADER | 00586nam a2200205Ia 4500 | ||
|---|---|---|---|
| 001 | CTU_82333 | ||
| 008 | 210402s9999 xx 000 0 und d | ||
| 082 | |a 341.242 | ||
| 082 | |b L975 | ||
| 100 | |a Lutz, Christain | ||
| 245 | 4 | |a The road to the European union | |
| 245 | 0 | |c Christain Lutz | |
| 260 | |a Paris | ||
| 260 | |b The Atlantic Institute for International Affairs | ||
| 260 | |c 1976 | ||
| 650 | |a European union,European union | ||
| 650 | |x Czech republic | ||
| 650 | |z Europe, eastern | ||
| 904 | |i Trọng Hải | ||
| 980 | |a Trung tâm Học liệu Trường Đại học Cần Thơ | ||